« Retourner aux résultats de recherche
50 meilleurs joueurs de l'OM (Les)
| Auteur principal: | Fabrice Lamperti |
|---|---|
| D'autres auteurs: | Mario Albano Mathieu Valbuena |
| Support: | Livres |
| Langue: | Francais |
| Publié: |
2024 Editions Scotty Neuilly-sur-Seine (Hauts-de-Seine) |
| Genre: |
Documentaire |
| Sujets: | |
| Étiquettes: |
Ajouter
Pas de Tags !
|
| LEADER | 01156nam0a2200217 450 | ||
|---|---|---|---|
| 001 | 16848288 | ||
| 010 | |a 978-2-9585599-1-5 |b br. |d 22 | ||
| 100 | |a 20240517d2024 u u0frey01 ba | ||
| 101 | 0 | |a fre | |
| 102 | |a FR | ||
| 200 | 0 | |a 50 meilleurs joueurs de l'OM (Les) |f Fabrice Lamperti |g avec la collaboration de Mario Albano - préface de Mathieu Valbuena | |
| 207 | 1 | |a | |
| 210 | |a Neuilly-sur-Seine (Hauts-de-Seine) |c Editions Scotty |d 2024 | ||
| 215 | |a 1 vol. (250 p.) |d 21 x 14 cm | ||
| 330 | |a L'histoire du club fondé en 1899 est retracée à travers une galerie de portraits des cinquante joueurs emblématiques tels que Gunnar Andersson, Fabien Barthez, Didier Drogba, Abedi Pelé et Didier Deschamps. Avec des anecdotes et des retours sur les personnalités marquantes de l'Olympique de Marseille, dont le coach Raymond Goethals et le président Bernard Tapie. Electre 2024 | ||
| 700 | 0 | |a Lamperti |b Fabrice |4 70 | |
| 702 | 0 | |a Albano |b Mario |4 205 | |
| 702 | 0 | |a Valbuena |b Mathieu |4 80 | |
| 900 | |a Documentaire | ||
| 901 | |a Accessible au prêt | ||
| 995 | |a Bibliothèque |c Bibliothèque |f 00156009456559 |h 00156009456559 |k 796.334 LAM |o p |q a |r az |e Bibliothèque | ||
